00535nam a22001937a 450000500170000001000130001702000220003003500130005203700160006504000120008108200110009310000210010424500320012526000270015727000530018430000200023765000470025765000370030420170124110124.0 aA-798794 c00.00a8172231989 aA-798794 bCen Lib/Ret aDPLbEN aNbSCH aScholberg, Henry aTibet /cby Henry Scholberg bIndusaNew Delhic1995 bNew Delhia7/16, Ansari Road, Darya Ganje110002 a212p. c20m(Hb) aTibet Autonomous Region (China) -- Fiction aChina -- Tibet Autonomous Region